000 00852nam a2200229 i 4500
001 157786
003 ES-MaACL
005 20250803050544.0
008 040820s1598 fr a |||| | lat d
100 1 _aLipsius, Justus.
_972518
245 1 0 _aIusti Lipsi Admiranda siue De magnitudine Romana libri quattuor...
260 _aParisiis :
_bapud Michaelem Sonnium ...,
_c1598.
300 _a[16], 374, [12], [2] en bl. p. ;
_c8º.
530 _aDisponible en formato digital.
596 _aMarca tipográfica en portada.
597 _aSign.: *8, A-2A8, 2B2.
650 0 7 _aHistoria antigua
_2embne
_913385
651 4 _aRoma-
_xHistoria.
_99312
852 _aES-MaACL
_jR-3414(1)
_z- Enc. perg.
_xOlim: D-2118
856 _uhttp://hdl.handle.net/10366/41960
_zRepositorio Institucional de la Universidad de Salamanca
999 _c157786
_d157786